Robot habilis, robot sapiens : Histoire, développements et futurs de la robotique
Spremljeno u:
| Glavni autor: | |
|---|---|
| Format: | Knjiga |
| Jezik: | Undetermined |
| Izdano: |
Paris
Hermès
1993
|
| Teme: | |
| Oznake: |
Dodaj oznaku
Bez oznaka, Budi prvi tko označuje ovaj zapis!
|
| Thư viện lưu trữ: | Trung tâm Học liệu Trường Đại học Cần Thơ |
|---|
| LEADER | 00597nam a2200193Ia 4500 | ||
|---|---|---|---|
| 001 | CTU_28141 | ||
| 008 | 210402s9999 xx 000 0 und d | ||
| 082 | |a 629.892 | ||
| 082 | |b C679 | ||
| 100 | |a Coiffet, Philippe | ||
| 245 | 0 | |a Robot habilis, robot sapiens : | |
| 245 | 0 | |b Histoire, développements et futurs de la robotique | |
| 245 | 0 | |c Philippe Coiffet | |
| 260 | |a Paris | ||
| 260 | |b Hermès | ||
| 260 | |c 1993 | ||
| 650 | |a Automation,Electronic apparatus and appliances,Electronic control,Robot | ||
| 904 | |i Minh, 981007 | ||
| 980 | |a Trung tâm Học liệu Trường Đại học Cần Thơ | ||